| 000 | 01695cam a2200349 a 4500 | ||
|---|---|---|---|
| 001 | 14516062 | ||
| 005 | 20081112124601.0 | ||
| 008 | 060824s2007 nyua b 001 0 eng | ||
| 010 | _a 2006051381 | ||
| 020 | _a140397988X (alk. paper) | ||
| 020 | _a9781403979889 | ||
| 040 |
_aDLC _cDLC _dDLC |
||
| 050 | 0 | 0 |
_aD395 _b.C595 2007 |
| 082 | 0 | 0 |
_a327.09034 _222 _bCOM |
| 245 | 0 | 0 |
_aCompeting Visions of World Order : _bGlobal Moments and Movements, 1880s-1930s / _cEdited by Sebastain Conrad and Dominic Sachsenmaier. |
| 260 |
_aNew York : _bPalgrave, 2007 _c2007. |
||
| 300 |
_ax, 266 p. : _bill. ; _c22 cm. |
||
| 490 | 0 |
_aThe Palgrave series in transnational history _921446 |
|
| 504 | _aIncludes bibliographical references and index. | ||
| 650 | 0 |
_aWorld politics _y19th century. _921447 |
|
| 650 | 0 |
_aWorld politics _y1900-1945. _921448 |
|
| 650 | 0 |
_aInternational cooperation _xHistory _y19th century. _921449 |
|
| 650 | 0 |
_aInternational cooperation _xHistory _y20th century. _921450 |
|
| 700 | 1 |
_aConrad, Sebastian. _921451 |
|
| 700 | 1 |
_aSachsenmaier, Dominic. _921452 |
|
| 856 | 4 | 2 |
_3Contributor biographical information _uhttp://www.loc.gov/catdir/enhancements/fy0704/2006051381-b.html |
| 856 | 4 | 2 |
_3Publisher description _uhttp://www.loc.gov/catdir/enhancements/fy0704/2006051381-d.html |
| 856 | 4 | 1 |
_3Table of contents only _uhttp://www.loc.gov/catdir/enhancements/fy0704/2006051381-t.html |
| 942 |
_2ddc _cBB |
||
| 999 |
_c14869 _d14869 |
||